[Event "GBR-ch110 Major Open"]
[Site "Hull"]
[Date "2024.08.02"]
[Round "7.14"]
[White "Ashworth, Michael J"]
[Black "Vashisht-Pigem, Raman"]
[Result "1-0"]
[WhiteElo "2013"]
[BlackElo "1863"]
[PlyCount "123"]
[EventDate "2024.07.27"]
[EventType "swiss"]
[EventRounds "9"]
[EventCountry "GBR"]
[SourceTitle "BritBase"]
[Source "John Saunders"]
[SourceDate "2025.02.20"]
[SourceVersion "1"]
[SourceVersionDate "2025.02.20"]
[SourceQuality "1"]

1. d4 e6 2. c4 b6 3. Nf3 Bb7 4. g3 Bb4+ 5. Bd2 Bxf3 6. exf3 Bxd2+ 7. Qxd2 Nf6 8. Bg2 d5 9. b3 Nc6 10. f4 Ne7 11. Nc3 O-O 12. O-O Qd7 13. Rad1 Rfd8 14. Qc2 Rac8 15. Bh3 c5 16. cxd5 cxd4 17. dxe6 fxe6 18. Qe2 Nf5 19. Ne4 Nxe4 20. Qxe4 d3 21. Rd2 Qd5 22. Qxd5 Rxd5 23. Rfd1 Rc2 24. Bf1 Nd4 25. Rxd3 Ne2+ 26. Bxe2 Rxe2 27. Rxd5 exd5 28. a4 Rb2 29. Rxd5 Rxb3 30. Rd8+ Kf7 31. Rd7+ Kf6 32. Rxa7 h6 33. a5 bxa5 34. Rxa5 g6 35. Kg2 h5 36. h4 Rb2 37. Rg5 Rb3 38. f5 gxf5 39. Rxh5 Kg6 40. Rh8 Rc3 41. Rf8 Rb3 42. h5+ Kg5 43. f4+ Kxh5 44. Rxf5+ Kh6 45. Kh3 Kg6 46. Ra5 Rc3 47. Kg4 Rc4 48. Ra6+ Kg7 49. Kg5 Rc5+ 50. f5 Rc7 51. g4 Kf7 52. Rf6+ Kg7 53. Rg6+ Kh7 54. Rh6+ Kg8 55. f6 Rc4 56. Kf5 Rc5+ 57. Kg6 Rc6 58. Rh1 Rb6 59. Ra1 Rb8 60. Ra7 Rc8 61. Rg7+ Kh8 62. Rh7+ 1-0

[Event "GBR-ch110 Major Open"]
[Site "Hull"]
[Date "2024.08.02"]
[Round "7.15"]
[White "Crawford, Owen"]
[Black "Lee, Alexandre Km"]
[Result "1-0"]
[WhiteElo "2010"]
[BlackElo "1858"]
[PlyCount "55"]
[EventDate "2024.07.27"]
[EventType "swiss"]
[EventRounds "9"]
[EventCountry "GBR"]
[SourceTitle "BritBase"]
[Source "John Saunders"]
[SourceDate "2025.02.20"]
[SourceVersion "1"]
[SourceVersionDate "2025.02.20"]
[SourceQuality "1"]

1. e4 e6 2. d4 d5 3. Nd2 Nf6 4. e5 Nfd7 5. Ngf3 c5 6. c3 Nc6 7. Bd3 Qb6 8. O-O cxd4 9. cxd4 Nxd4 10. Nxd4 Qxd4 11. Nf3 Qb6 12. a3 a5 13. Qa4 Qa7 14. Be3 Bc5 15. Bd2 b6 16. Qg4 Kf8 17. Rac1 a4 18. Bb5 Nb8 19. Qh4 Qe7 20. Bg5 Qa7 21. Be3 Qc7 22. Rxc5 bxc5 23. Bxc5+ Kg8 24. Bd6 Qb6 25. Qe7 h6 26. Qf8+ Kh7 27. Bd3+ g6 28. Qxf7# 1-0

[Event "GBR-ch110 Major Open"]
[Site "Hull"]
[Date "2024.08.02"]
[Round "7.16"]
[White "Adams, Henry"]
[Black "Diniz Afonso, Davi"]
[Result "1-0"]
[WhiteElo "2000"]
[BlackElo "1840"]
[PlyCount "77"]
[EventDate "2024.07.27"]
[EventType "swiss"]
[EventRounds "9"]
[EventCountry "GBR"]
[SourceTitle "BritBase"]
[Source "John Saunders"]
[SourceDate "2025.02.20"]
[SourceVersion "1"]
[SourceVersionDate "2025.02.20"]
[SourceQuality "1"]

1. d4 Nf6 2. Nf3 g6 3. c4 Bg7 4. Nc3 d5 5. cxd5 Nxd5 6. e4 Nxc3 7. bxc3 c5 8. Be3 O-O 9. Be2 Bg4 10. Qd2 Qa5 11. Rc1 Rd8 12. d5 e6 13. c4 Qa3 14. O-O exd5 15. exd5 b6 16. Ng5 Bd7 17. h4 Na6 18. Ne4 Rf8 19. Bh6 Nb4 20. Bxg7 Kxg7 21. h5 f6 22. h6+ Kg8 23. Qf4 Qb2 24. Qd6 Qe5 25. Qxd7 Rf7 26. Qe6 Qb2 27. Nd6 Raf8 28. Nxf7 Rxf7 29. d6 Qxa2 30. d7 Qd2 31. Qe8+ Rf8 32. Qe7 Qxh6 33. d8=Q Nc6 34. Qd5+ Kh8 35. Qxc6 f5 36. Rcd1 f4 37. Qcf6+ Kg8 38. Qee6+ Rf7 39. Qexf7# 1-0

[Event "GBR-ch110 Major Open"]
[Site "Hull"]
[Date "2024.08.02"]
[Round "7.17"]
[White "Schell, Finn"]
[Black "Nelson, Jonathan P"]
[Result "1-0"]
[WhiteElo "1887"]
[BlackElo "2143"]
[PlyCount "55"]
[EventDate "2024.07.27"]
[EventType "swiss"]
[EventRounds "9"]
[EventCountry "GBR"]
[SourceTitle "BritBase"]
[Source "John Saunders"]
[SourceDate "2025.02.20"]
[SourceVersion "1"]
[SourceVersionDate "2025.02.20"]
[SourceQuality "1"]

1. e4 e6 2. d4 d5 3. Nd2 Be7 4. Bd3 c5 5. dxc5 Nf6 6. Qe2 dxe4 7. Nxe4 Nxe4 8. Bxe4 Qa5+ 9. c3 Qxc5 10. Be3 Qc7 11. Qb5+ Nd7 12. O-O-O O-O 13. Nf3 a6 14. Qa4 Nf6 15. Bc2 e5 16. Qh4 h6 17. h3 Be6 18. Qg3 Rac8 19. Qxe5 Qxe5 20. Nxe5 Bxa2 21. b3 Ba3+ 22. Kd2 Bb2 23. Nc4 Nd5 24. Nxb2 Nxc3 25. Nc4 Nxd1 26. Rxd1 b5 27. Nb2 Rfd8+ 28. Nd3 1-0

[Event "GBR-ch110 Major Open"]
[Site "Hull"]
[Date "2024.08.02"]
[Round "7.18"]
[White "Angst, Oliver"]
[Black "Kirupakaran, Vishnu"]
[Result "1-0"]
[WhiteElo "2068"]
[BlackElo "1852"]
[PlyCount "121"]
[EventDate "2024.07.27"]
[EventType "swiss"]
[EventRounds "9"]
[EventCountry "GBR"]
[SourceTitle "BritBase"]
[Source "John Saunders"]
[SourceDate "2025.02.20"]
[SourceVersion "1"]
[SourceVersionDate "2025.02.20"]
[SourceQuality "1"]

1. e4 c5 2. Nf3 e6 3. d4 cxd4 4. Nxd4 Nc6 5. Nb5 d6 6. c4 Nf6 7. N1c3 a6 8. Na3 Be7 9. Be3 Qc7 10. Be2 O-O 11. O-O Bd7 12. f3 Ne5 13. Rc1 Bc6 14. Nd5 Qd8 15. Nxe7+ Qxe7 16. Qd4 Ng6 17. Bg5 e5 18. Qd2 h6 19. Bxf6 Qxf6 20. Rfd1 Nf4 21. Bf1 Rad8 22. Nc2 Qg5 23. Ne3 f5 24. Nxf5 Rxf5 25. exf5 Bxf3 26. g3 Rf8 27. Qxd6 Nh3+ 28. Bxh3 Qe3+ 29. Kf1 Rxf5 30. Qd8+ Rf8 31. Qxf8+ Kxf8 32. Rd8+ Ke7 33. Rd7+ Kf6 34. Rc2 e4 35. Rcd2 Kg6 36. R2d6+ Kh5 37. Rd5+ g5 38. Rd2 Bg4 39. Bg2 Bxd7 40. Rxd7 Qc1+ 41. Ke2 Qxb2+ 42. Rd2 Qc3 43. Bxe4 Qxc4+ 44. Ke3 Qc5+ 45. Kf3 Qc3+ 46. Ke2 Qe5 47. Kf3 b5 48. Rc2 Qd4 49. Rc6 Qd1+ 50. Kf2 Qd2+ 51. Kf1 Qxa2 52. h3 Qa1+ 53. Kg2 Qb2+ 54. Kh1 Qa1+ 55. Kg2 Qa2+ 56. Kh1 Qf7 57. Bg6+ Qxg6 58. g4+ Kh4 59. Rxg6 Kxh3 60. Rxh6+ Kxg4 61. Rxa6 1-0

[Event "GBR-ch110 Major Open"]
[Site "Hull"]
[Date "2024.08.02"]
[Round "7.19"]
[White "Zhao, George"]
[Black "Welling, Zac"]
[Result "1-0"]
[WhiteElo "2034"]
[BlackElo "1887"]
[PlyCount "113"]
[EventDate "2024.07.27"]
[EventType "swiss"]
[EventRounds "9"]
[EventCountry "GBR"]
[SourceTitle "BritBase"]
[Source "John Saunders"]
[SourceDate "2025.02.20"]
[SourceVersion "1"]
[SourceVersionDate "2025.02.20"]
[SourceQuality "1"]

1. d4 Nf6 2. c4 g6 3. Nf3 Bg7 4. g3 O-O 5. Bg2 d6 6. O-O Nbd7 7. Nc3 e5 8. e4 exd4 9. Nxd4 Re8 10. h3 a6 11. Be3 Rb8 12. Rc1 Ne5 13. b3 c5 14. Nf3 Nxf3+ 15. Qxf3 b5 16. Rfd1 b4 17. Na4 Nxe4 18. Nxc5 Nc3 19. Rd2 Qe7 20. Na4 Bb7 21. Qf4 Bxg2 22. Kxg2 Be5 23. Qf3 Nxa4 24. bxa4 Qd7 25. c5 Qc7 26. Rcd1 Re6 27. a5 Rf6 28. cxd6 Rxd6 29. Bb6 Rbxb6 30. axb6 Qxb6 31. Rxd6 Bxd6 32. Qd5 Bf8 33. Rc1 a5 34. Rc6 Qa7 35. Rc8 Qe7 36. Qd8 Qxd8 37. Rxd8 a4 38. Ra8 b3 39. axb3 axb3 40. Rb8 Kg7 41. Rxb3 h5 42. Kf3 Kf6 43. Ke4 Ke6 44. Rb6+ Bd6 45. g4 hxg4 46. hxg4 f6 47. Kd4 f5 48. g5 f4 49. f3 Ke7 50. Kd5 Ba3 51. Rxg6 Bb2 52. Rb6 Bc3 53. Rb7+ Kf8 54. Ke6 Kg8 55. Kf5 Bd2 56. Kg6 Kf8 57. Kh7 1-0

[Event "GBR-ch110 Major Open"]
[Site "Hull"]
[Date "2024.08.02"]
[Round "7.20"]
[White "Lebedev, Lion"]
[Black "Howorth, Jack"]
[Result "1-0"]
[WhiteElo "1941"]
[BlackElo "1830"]
[PlyCount "161"]
[EventDate "2024.07.27"]
[EventType "swiss"]
[EventRounds "9"]
[EventCountry "GBR"]
[SourceTitle "BritBase"]
[Source "John Saunders"]
[SourceDate "2025.02.20"]
[SourceVersion "1"]
[SourceVersionDate "2025.02.20"]
[SourceQuality "1"]

1. Nf3 Nf6 2. g3 g6 3. Bg2 Bg7 4. O-O O-O 5. d3 d5 6. Nbd2 Nbd7 7. e4 dxe4 8. dxe4 c6 9. Qe2 Re8 10. Rd1 Qc7 11. Ne1 e5 12. Nd3 a5 13. a4 b5 14. b3 b4 15. Nc4 Ba6 16. Ndb2 Nf8 17. Bh3 Ne6 18. Bxe6 Rxe6 19. f3 Rd8 20. Be3 Red6 21. Qe1 Rxd1 22. Rxd1 Rxd1 23. Qxd1 c5 24. Qd6 Qxd6 25. Nxd6 Nd7 26. Ndc4 f5 27. Nxa5 Kf7 28. Nd3 Bf8 29. Nc4 Ke6 30. a5 Bxc4 31. bxc4 Kd6 32. Bc1 Kc6 33. exf5 gxf5 34. Bb2 Bd6 35. Nc1 Bc7 36. Nb3 e4 37. f4 Kb7 38. Kf2 Ka6 39. Ke3 h5 40. h3 Bxa5 41. Nxa5 Kxa5 42. g4 fxg4 43. hxg4 hxg4 44. Kxe4 Nb6 45. f5 Nxc4 46. f6 g3 47. Kf3 g2 48. Kxg2 Nd6 49. Kf3 c4 50. Kf4 c3 51. Bc1 Kb5 52. Ke5 Kc6 53. Ke6 Ne4 54. f7 Nc5+ 55. Ke7 Nd7 56. Bf4 b3 57. cxb3 c2 58. b4 Ne5 59. Bxe5 c1=Q 60. f8=Q Kb5 61. Bd6 Qg5+ 62. Qf6 Qe3+ 63. Kf8 Qb6 64. Qe5+ Ka4 65. Qe6 Kb5 66. Qd5+ Ka4 67. Qc5 Qd8+ 68. Kf7 Qd7+ 69. Be7 Qd3 70. Qc6+ Kb3 71. Qe6+ Ka4 72. Qc6+ Kb3 73. b5 Qf5+ 74. Bf6 Kb4 75. b6 Ka5 76. b7 Qh7+ 77. Ke6 Qg8+ 78. Ke7 Qh7+ 79. Kd6 Qh2+ 80. Kd7 Qh7+ 81. Kc8 1-0

[Event "GBR-ch110 Major Open"]
[Site "Hull"]
[Date "2024.08.02"]
[Round "7.21"]
[White "Cheng, Louis"]
[Black "Izod, Chris"]
[Result "1/2-1/2"]
[WhiteElo "1876"]
[BlackElo "1924"]
[PlyCount "38"]
[EventDate "2024.07.27"]
[EventType "swiss"]
[EventRounds "9"]
[EventCountry "GBR"]
[SourceTitle "BritBase"]
[Source "John Saunders"]
[SourceDate "2025.02.20"]
[SourceVersion "1"]
[SourceVersionDate "2025.02.20"]
[SourceQuality "1"]

1. e4 e6 2. d4 d5 3. Nd2 c5 4. Ngf3 cxd4 5. Nxd4 Nf6 6. exd5 Qxd5 7. Nb5 Na6 8. a3 Bd7 9. Nc3 Qe5+ 10. Be2 Bc6 11. O-O Rd8 12. Bf3 Nd5 13. Nc4 Qc7 14. Nxd5 Bxd5 15. Bxd5 Rxd5 16. Qe2 Be7 17. b3 Bf6 18. Bb2 Bxb2 19. Nxb2 Qe5 1/2-1/2

[Event "GBR-ch110 Major Open"]
[Site "Hull"]
[Date "2024.08.02"]
[Round "7.22"]
[White "Pelling, Kyle"]
[Black "Kumar, Arnav"]
[Result "1/2-1/2"]
[WhiteElo "1911"]
[BlackElo "1803"]
[PlyCount "64"]
[EventDate "2024.07.27"]
[EventType "swiss"]
[EventRounds "9"]
[EventCountry "GBR"]
[SourceTitle "BritBase"]
[Source "John Saunders"]
[SourceDate "2025.02.20"]
[SourceVersion "1"]
[SourceVersionDate "2025.02.20"]
[SourceQuality "1"]

1. e4 c6 2. Nf3 d5 3. d3 dxe4 4. dxe4 Qxd1+ 5. Kxd1 Bg4 6. Nbd2 Nd7 7. Be2 g6 8. c3 Bg7 9. h3 Bxf3 10. Bxf3 Ne5 11. Be2 O-O-O 12. Kc2 Nf6 13. f4 Ned7 14. Bc4 e6 15. e5 Nd5 16. Ne4 Bf8 17. Ng5 Re8 18. Nxf7 Rg8 19. Ng5 h6 20. Ne4 Be7 21. h4 g5 22. hxg5 hxg5 23. g3 gxf4 24. Bxf4 Rg4 25. Nf2 Rg7 26. Bxd5 exd5 27. Rae1 Nc5 28. b4 Ne6 29. Nd1 Bg5 30. Bxg5 Nxg5 31. Nf2 Nf3 32. Re3 Rxg3 1/2-1/2

[Event "GBR-ch110 Major Open"]
[Site "Hull"]
[Date "2024.08.02"]
[Round "7.23"]
[White "McBeath, Joel"]
[Black "Sefton, Adam"]
[Result "1/2-1/2"]
[WhiteElo "1806"]
[BlackElo "1908"]
[PlyCount "89"]
[EventDate "2024.07.27"]
[EventType "swiss"]
[EventRounds "9"]
[EventCountry "GBR"]
[SourceTitle "BritBase"]
[Source "John Saunders"]
[SourceDate "2025.02.20"]
[SourceVersion "1"]
[SourceVersionDate "2025.02.20"]
[SourceQuality "1"]

1. e4 e6 2. d4 d5 3. Nd2 Nf6 4. e5 Nfd7 5. Bd3 c5 6. c3 Nc6 7. Ngf3 Qb6 8. O-O cxd4 9. cxd4 Nxd4 10. Nxd4 Qxd4 11. Nf3 Qb6 12. Qa4 Qb4 13. Qc2 Be7 14. Bxh7 Nxe5 15. Nxe5 Qh4 16. f4 Qxh7 17. Qa4+ Kf8 18. h3 Qf5 19. Be3 Qe4 20. Qxe4 dxe4 21. Rfd1 g6 22. Rac1 Kg7 23. Rc7 Re8 24. Bd4 Kg8 25. Bc3 a5 26. Ng4 e5 27. Bxe5 Bxg4 28. hxg4 e3 29. Re1 f6 30. Bd4 Bd6 31. Rxb7 Bxf4 32. Rb3 e2 33. Kf2 Re4 34. Bb6 a4 35. Rf3 Rb8 36. Be3 Bxe3+ 37. Rxe3 Rxg4 38. R1xe2 Rgb4 39. Re8+ Rxe8 40. Rxe8+ Kf7 41. Re2 f5 42. Ke3 Ke6 43. Kd3+ Kd5 44. Kc3 Rc4+ 45. Kd3 1/2-1/2

[Event "GBR-ch110 Major Open"]
[Site "Hull"]
[Date "2024.08.02"]
[Round "7.24"]
[White "Cancedda-Dupuis, Livio"]
[Black "Vaddhireddy, Sai"]
[Result "1-0"]
[WhiteElo "2041"]
[BlackElo "1724"]
[PlyCount "71"]
[EventDate "2024.07.27"]
[EventType "swiss"]
[EventRounds "9"]
[EventCountry "GBR"]
[SourceTitle "BritBase"]
[Source "John Saunders"]
[SourceDate "2025.02.20"]
[SourceVersion "1"]
[SourceVersionDate "2025.02.20"]
[SourceQuality "1"]

1. e4 c6 2. c4 d5 3. cxd5 cxd5 4. exd5 Nf6 5. Nc3 Nxd5 6. Bc4 Nb6 7. Bb3 Bf5 8. d4 e6 9. Nf3 Nc6 10. O-O Be7 11. d5 exd5 12. Be3 d4 13. Nxd4 Nxd4 14. Bxd4 O-O 15. Bxb6 Qxb6 16. Nd5 Qd8 17. Qf3 Bg6 18. Rad1 Bd6 19. Nc3 Qb8 20. h4 h5 21. Rd5 a6 22. Rg5 Kh8 23. Rxh5+ Bxh5 24. Qxh5+ Kg8 25. Ne4 Bh2+ 26. Kh1 Bf4 27. Rd1 Qe5 28. Qf3 Bh6 29. g3 Qe7 30. Rd5 Rad8 31. Rh5 Rd4 32. Bd5 Qd7 33. Kg2 Kh8 34. Rxh6+ gxh6 35. Qf6+ Kh7 36. Qxd4 1-0

[Event "GBR-ch110 Major Open"]
[Site "Hull"]
[Date "2024.08.02"]
[Round "7.25"]
[White "Rastogi, Nayan Keats"]
[Black "Chris Biju, Calvin"]
[Result "1-0"]
[WhiteElo "1859"]
[BlackElo "2008"]
[PlyCount "67"]
[EventDate "2024.07.27"]
[EventType "swiss"]
[EventRounds "9"]
[EventCountry "GBR"]
[SourceTitle "BritBase"]
[Source "John Saunders"]
[SourceDate "2025.02.20"]
[SourceVersion "1"]
[SourceVersionDate "2025.02.20"]
[SourceQuality "1"]

1. e4 e6 2. d4 d5 3. Nc3 Nf6 4. e5 Nfd7 5. f4 c5 6. Nf3 Nc6 7. Be3 a6 8. Qd2 b5 9. a3 Qb6 10. Ne2 a5 11. dxc5 Bxc5 12. Ned4 Nxd4 13. Nxd4 Ba6 14. b4 axb4 15. axb4 Bf8 16. Nxb5 Qb7 17. Rxa6 Rxa6 18. Nc7+ Qxc7 19. Bxa6 Qb8 20. c3 Be7 21. O-O f6 22. exf6 Nxf6 23. Qd4 O-O 24. Qe5 Qd6 25. Qxd6 Bxd6 26. Bd4 Ne4 27. g3 Nd2 28. Rf2 Nb3 29. Be5 Bxe5 30. fxe5 Ra8 31. Bb5 Nc1 32. Bd7 Ra6 33. Rc2 Nd3 34. Bb5 1-0

[Event "GBR-ch110 Major Open"]
[Site "Hull"]
[Date "2024.08.02"]
[Round "7.26"]
[White "Vaidyanathan, Sathya"]
[Black "Yu, Rock"]
[Result "0-1"]
[WhiteElo "1844"]
[BlackElo "2001"]
[PlyCount "118"]
[EventDate "2024.07.27"]
[EventType "swiss"]
[EventRounds "9"]
[EventCountry "GBR"]
[SourceTitle "BritBase"]
[Source "John Saunders"]
[SourceDate "2025.02.20"]
[SourceVersion "1"]
[SourceVersionDate "2025.02.20"]
[SourceQuality "1"]

1. e4 Nf6 2. e5 Nd5 3. d4 Nb6 4. Nf3 d6 5. c3 g6 6. Be2 Bg7 7. Bf4 O-O 8. O-O Nc6 9. Na3 Be6 10. exd6 cxd6 11. Qd2 Bg4 12. Bh6 e5 13. Bxg7 Kxg7 14. h3 Bf5 15. dxe5 dxe5 16. Rfd1 Qf6 17. Qg5 Qxg5 18. Nxg5 h6 19. Nf3 Be6 20. Nb5 Rad8 21. a3 Bd5 22. a4 a6 23. a5 Nc8 24. Na3 Nxa5 25. c4 Bxf3 26. Bxf3 b6 27. b4 Nb3 28. Rab1 Nd2 29. Ra1 Nxf3+ 30. gxf3 Nd6 31. c5 bxc5 32. bxc5 Nf5 33. Nc4 Nd4 34. Kg2 f6 35. Rxa6 Rd5 36. Ra7+ Rf7 37. Rxf7+ Kxf7 38. c6 Rc5 39. Rc1 Rxc6 40. Rc3 Ke6 41. Rc1 Ne2 42. Rc2 Nd4 43. Rc1 f5 44. h4 f4 45. Rc3 Kd5 46. Ne3+ fxe3 47. Rxe3 Nf5 48. Ra3 Nxh4+ 49. Kg3 Nf5+ 50. Kg2 Rc4 51. Ra6 Rc5 52. Kh3 Rc3 53. Ra5+ Ke6 54. Ra6+ Kf7 55. Kg4 Rc4+ 56. Kh3 Rf4 57. Ra3 Kf6 58. Ra6+ Kg5 59. Ra3 Nd4 0-1

[Event "GBR-ch110 Major Open"]
[Site "Hull"]
[Date "2024.08.02"]
[Round "7.27"]
[White "Kovalskyi, Roman"]
[Black "Ashworth, Robert M"]
[Result "1-0"]
[WhiteElo "1989"]
[BlackElo "1845"]
[PlyCount "53"]
[EventDate "2024.07.27"]
[EventType "swiss"]
[EventRounds "9"]
[EventCountry "GBR"]
[SourceTitle "BritBase"]
[Source "John Saunders"]
[SourceDate "2025.02.20"]
[SourceVersion "1"]
[SourceVersionDate "2025.02.20"]
[SourceQuality "1"]

1. e4 e5 2. Nf3 Nc6 3. Bc4 Bc5 4. c3 Nf6 5. d3 d6 6. O-O O-O 7. Nbd2 a5 8. a4 Be6 9. Qb3 Bxc4 10. Nxc4 Qd7 11. Bg5 Nh5 12. Rad1 h6 13. Bc1 Rfe8 14. d4 exd4 15. cxd4 Bb4 16. d5 Ne5 17. Nfxe5 dxe5 18. Qf3 Nf6 19. Bxh6 Ra6 20. Bg5 Qxa4 21. d6 Bxd6 22. b3 Qd7 23. Bxf6 gxf6 24. Ne3 f5 25. Nxf5 Re6 26. Qg4+ Rg6 27. Nh6+ 1-0

[Event "GBR-ch110 Major Open"]
[Site "Hull"]
[Date "2024.08.02"]
[Round "7.28"]
[White "Parikh, Naavya"]
[Black "Patel, Zain"]
[Result "0-1"]
[WhiteElo "1711"]
[BlackElo "1958"]
[PlyCount "106"]
[EventDate "2024.07.27"]
[EventType "swiss"]
[EventRounds "9"]
[EventCountry "GBR"]
[SourceTitle "BritBase"]
[Source "John Saunders"]
[SourceDate "2025.02.20"]
[SourceVersion "1"]
[SourceVersionDate "2025.02.20"]
[SourceQuality "1"]

1. e4 e5 2. Nf3 Nc6 3. Bc4 Nf6 4. d3 Bc5 5. c3 O-O 6. O-O h6 7. Be3 Bb6 8. Nbd2 d5 9. exd5 Nxd5 10. Re1 Nxe3 11. fxe3 Bf5 12. Nb3 Qf6 13. Kh1 e4 14. Nfd4 Ne5 15. Nc1 Ng4 16. Qe2 exd3 17. Bxd3 Bxd4 18. cxd4 Rae8 19. Qd2 Qg6 20. Bxf5 Qxf5 21. Nb3 Re6 22. Re2 Rf6 23. Kg1 Rg6 24. e4 Qh5 25. Qf4 Nxh2 26. Re3 Ng4 27. Rh3 Qb5 28. Qf3 h5 29. e5 Rh6 30. Rf1 a5 31. Qd3 Qd5 32. Qf3 Qd7 33. Qf5 Qb5 34. Qd3 Qb6 35. Qc4 Nxe5 36. Qc5 Nd7 37. Qxa5 Qxa5 38. Nxa5 Ra8 39. Nxb7 Rb6 40. Nc5 Nxc5 41. dxc5 Rxb2 42. Rxh5 Raxa2 43. Rg5 f6 44. Rg3 Rc2 45. Rd1 Rxc5 46. Rd8+ Kh7 47. Rh3+ Kg6 48. Rd7 Rg5 49. g3 Rc5 50. Rd1 Rcc2 51. Kh1 c5 52. Rg1 c4 53. g4 c3 0-1

[Event "GBR-ch110 Major Open"]
[Site "Hull"]
[Date "2024.08.02"]
[Round "7.29"]
[White "Davis, Cameron"]
[Black "Rubeck, Jonathan"]
[Result "1/2-1/2"]
[WhiteElo "1946"]
[BlackElo "1833"]
[PlyCount "140"]
[EventDate "2024.07.27"]
[EventType "swiss"]
[EventRounds "9"]
[EventCountry "GBR"]
[SourceTitle "BritBase"]
[Source "John Saunders"]
[SourceDate "2025.02.20"]
[SourceVersion "1"]
[SourceVersionDate "2025.02.20"]
[SourceQuality "1"]

1. e4 e6 2. d4 d5 3. Nc3 Nf6 4. e5 Nfd7 5. f4 c5 6. Nf3 Nc6 7. Be3 a6 8. Ne2 b5 9. c3 Qb6 10. a3 cxd4 11. Nexd4 Nxd4 12. Bxd4 Bc5 13. Qd2 a5 14. b4 Bxd4 15. Qxd4 Ba6 16. Qxb6 Nxb6 17. Nd4 Nc4 18. Bxc4 bxc4 19. Ke2 axb4 20. axb4 Kd7 21. Ra5 Bb7 22. Rha1 Rxa5 23. Rxa5 Ra8 24. Rxa8 Bxa8 25. Kd2 Bc6 26. Ke3 Ba4 27. Nf3 Bc2 28. Nd4 Bd1 29. h3 f5 30. Kf2 h6 31. Ke1 Bh5 32. Kd2 Ke7 33. Kc2 g5 34. g3 g4 35. h4 Be8 36. Kb2 Bd7 37. Ka3 Kd8 38. b5 Kc7 39. Kb4 Kb6 40. Ka4 Bc8 41. Nc6 Bd7 42. Nd4 Bc8 43. Kb4 Bd7 44. h5 Bc8 45. Nc6 Bd7 46. Nd4 Bc8 47. Nc6 Bd7 48. Nd8 Bc8 49. Nf7 Bd7 50. Nd6 Kc7 51. Kc5 Bc8 52. b6+ Kb8 53. Nf7 Bd7 54. Nd6 Ba4 55. Kb4 Bd7 56. Ka5 Bc6 57. Kb4 Bd7 58. Kc5 Ba4 59. b7 Bd7 60. Kb6 Ba4 61. Kc5 Bd7 62. Kb6 Ba4 63. Ka5 Bd7 64. Ka6 Bc6 65. Kb6 Bd7 66. Kc5 Ba4 67. Kb6 Bd7 68. Kc5 Ba4 69. Kb6 Bd7 70. Kc5 Ba4 1/2-1/2

[Event "GBR-ch110 Major Open"]
[Site "Hull"]
[Date "2024.08.02"]
[Round "7.30"]
[White "Li, Xiaofan"]
[Black "Carmichael, Ned"]
[Result "1/2-1/2"]
[WhiteElo "1798"]
[BlackElo "1924"]
[PlyCount "43"]
[EventDate "2024.07.27"]
[EventType "swiss"]
[EventRounds "9"]
[EventCountry "GBR"]
[SourceTitle "BritBase"]
[Source "John Saunders"]
[SourceDate "2025.02.20"]
[SourceVersion "1"]
[SourceVersionDate "2025.02.20"]
[SourceQuality "1"]

1. e4 c5 2. f4 d5 3. e5 Nc6 4. Nf3 Bg4 5. h3 Bxf3 6. Qxf3 e6 7. Bb5 Nge7 8. O-O a6 9. Bxc6+ Nxc6 10. d3 Be7 11. Nc3 O-O 12. Ne2 Nd4 13. Nxd4 cxd4 14. Bd2 Qb6 15. Rab1 Rac8 16. Rfc1 f6 17. exf6 Bxf6 18. Kh1 Qd6 19. c3 b5 20. cxd4 Rxc1+ 21. Rxc1 Bxd4 22. b4 1/2-1/2

[Event "GBR-ch110 Major Open"]
[Site "Hull"]
[Date "2024.08.02"]
[Round "7.31"]
[White "Leung, Hao Ran"]
[Black "May, Paul"]
[Result "1-0"]
[WhiteElo "1910"]
[BlackElo "1827"]
[PlyCount "59"]
[EventDate "2024.07.27"]
[EventType "swiss"]
[EventRounds "9"]
[EventCountry "GBR"]
[SourceTitle "BritBase"]
[Source "John Saunders"]
[SourceDate "2025.02.20"]
[SourceVersion "1"]
[SourceVersionDate "2025.02.20"]
[SourceQuality "1"]

1. c4 g6 2. g3 Bg7 3. Bg2 e5 4. Nc3 f5 5. e3 d6 6. Nge2 c6 7. Rb1 Be6 8. d3 Nf6 9. O-O O-O 10. b4 Nbd7 11. Qb3 Rb8 12. a4 a5 13. Ba3 axb4 14. Bxb4 Nc5 15. Qa3 Rf7 16. Rfd1 Bf8 17. d4 Na6 18. dxe5 Nxb4 19. Qxb4 d5 20. Qb3 Ng4 21. cxd5 cxd5 22. Nf4 Re7 23. Nxe6 Qa5 24. Nxf8 Kxf8 25. Nxd5 Rxe5 26. Qb4+ Qxb4 27. Rxb4 Rd8 28. Rbd4 Rc8 29. Nb6 Rc2 30. Nd7+ 1-0

[Event "GBR-ch110 Major Open"]
[Site "Hull"]
[Date "2024.08.02"]
[Round "7.33"]
[White "Mittal, Advik"]
[Black "Sasikumar, Srivathsan"]
[Result "0-1"]
[WhiteElo "1619"]
[BlackElo "1900"]
[PlyCount "86"]
[EventDate "2024.07.27"]
[EventType "swiss"]
[EventRounds "9"]
[EventCountry "GBR"]
[SourceTitle "BritBase"]
[Source "John Saunders"]
[SourceDate "2025.02.20"]
[SourceVersion "1"]
[SourceVersionDate "2025.02.20"]
[SourceQuality "1"]

1. d4 Nf6 2. Bf4 d5 3. e3 c5 4. c3 Nc6 5. Nd2 e6 6. Ngf3 cxd4 7. exd4 Bd6 8. Bg3 O-O 9. Bd3 Re8 10. O-O e5 11. dxe5 Nxe5 12. Nxe5 Bxe5 13. Bxe5 Rxe5 14. h3 Bd7 15. Nf3 Re7 16. Qc2 Qc7 17. Qd2 Rae8 18. Rfe1 Ne4 19. Bxe4 dxe4 20. Nd4 f5 21. Rac1 f4 22. c4 a6 23. b4 f3 24. Re3 Qf4 25. g3 Qg5 26. Kf1 Bxh3+ 27. Ke1 Bg2 28. Kd1 Rd8 29. Rc2 Qe5 30. Kc1 Qxd4 31. Qc3 Qxc3 32. Rexc3 Rd3 33. c5 Rxc3 34. Rxc3 e3 35. Rxe3 Rxe3 36. fxe3 f2 37. c6 f1=Q+ 38. Kd2 bxc6 39. b5 c5 40. b6 c4 41. b7 Qd3+ 42. Kc1 Qc3+ 43. Kd1 Bf3# 0-1

[Event "GBR-ch110 Major Open"]
[Site "Hull"]
[Date "2024.08.02"]
[Round "7.34"]
[White "Brencher, Paul"]
[Black "Mittal, Aditya"]
[Result "1/2-1/2"]
[WhiteElo "1899"]
[BlackElo "1768"]
[PlyCount "109"]
[EventDate "2024.07.27"]
[EventType "swiss"]
[EventRounds "9"]
[EventCountry "GBR"]
[SourceTitle "BritBase"]
[Source "John Saunders"]
[SourceDate "2025.02.20"]
[SourceVersion "1"]
[SourceVersionDate "2025.02.20"]
[SourceQuality "1"]

1. d4 Nf6 2. Nc3 d5 3. Bf4 c5 4. e3 cxd4 5. exd4 a6 6. Nf3 Nc6 7. h3 Bf5 8. Bd3 Bxd3 9. Qxd3 e6 10. O-O Bd6 11. Bxd6 Qxd6 12. a3 O-O 13. Rfe1 b5 14. Na2 Ne4 15. c3 Na5 16. Qe2 Nc4 17. Nb4 Rfc8 18. Nd3 a5 19. Nfe5 Rab8 20. g4 Nxe5 21. Nxe5 Qc7 22. f3 Nd6 23. Nd3 Nc4 24. Kg2 h6 25. Rf1 Kh8 26. f4 g6 27. Rf3 Nd6 28. Nc5 Ra8 29. h4 Qb8 30. Qe5+ Kg8 31. h5 Ne4 32. hxg6 Qxe5 33. gxf7+ Kxf7 34. fxe5+ Ke7 35. Nxe4 dxe4 36. Rf6 Rg8 37. Kh3 Rg7 38. Re1 Rh8 39. Rxe4 h5 40. Rff4 hxg4+ 41. Kg3 Rh3+ 42. Kg2 Rh4 43. Rf2 Rgh7 44. Ref4 Rh2+ 45. Kg3 R2h3+ 46. Kg2 Rh2+ 47. Kf1 g3 48. Rg2 Rxg2 49. Kxg2 Rh2+ 50. Kxg3 Rxb2 51. Rh4 Rb3 52. Rh7+ Kd8 53. Rb7 Rxc3+ 54. Kf4 Rxa3 55. Rxb5 1/2-1/2